Statistics for Next Countries Alphabetically #2

Click here to take the quiz!

General Stats

  • This quiz has been taken 146 times
  • The average score is 25 of 36

Answer Stats

country next % Correct
FijiFinland
88%
GuineaGuinea-Bissau
84%
EgyptEritrea
81%
VanuatuVenezuela
80%
GuineaHaiti
80%
PanamaParaguay
80%
NorwayOman
77%
FijiGabon
76%
NorwayPalau
75%
FijiFrance
75%
SudanSweden
74%
SudanSwitzerland
73%
GuineaGuyana
72%
VanuatuVietnam
72%
VanuatuVatican City
72%
IsraelItaly
71%
IsraelJamaica
70%
IsraelJapan
69%
ParaguayPeru
69%
NorwayPakistan
67%
LuxembourgMadagascar
66%
GermanyGhana
65%
BruneiBurundi
65%
SudanSuriname
65%
ParaguayPhilippines
65%
GermanyGrenada
62%
GermanyGreece
62%
ParaguayPoland
62%
PanamaPapua New Guinea
60%
LuxembourgMalaysia
59%
EgyptEl Salvador
57%
LuxembourgMalawi
56%
BruneiBulgaria
54%
BruneiBurkina Faso
47%
EgyptEquatorial Guinea
46%

Score Distribution

Percentile by Number Answered

Percent of People with Each Score

Your Score History

You have not taken this quiz